Complete course in English. book 1 /

Salvato in:
Dettagli Bibliografici
Autore principale: Dixson, Robert J.
Altri autori: Andujar, J.
Natura: Sách giấy
Lingua:English
Pubblicazione: New York : Regents, 1986
Tags: Aggiungi Tag
Nessun Tag, puoi essere il primo ad aggiungerne! !
Thư viện lưu trữ: Thư viện Trường Đại học Đà Lạt
LEADER 00586nam a2200253 4500
001 DLU020016959
005 ##1/8/2001
020 # # |a 978- 
041 # # |a eng 
082 # # |a 428  |b DI-R 
100 # # |a Dixson, Robert J. 
245 # # |a Complete course in English.  |n book 1 /  |c Robert J. Dixson, J. Andujar 
260 # # |a New York :  |b Regents,  |c 1986 
300 # # |a 135 tr.;   |c 23 cm. 
700 # # |a Andujar, J. 
992 # # |a 0 
994 # # |a DLU 
900 # # |a False 
911 # # |a Administrator 
925 # # |a G 
926 # # |a A 
927 # # |a SH 
980 # # |a Thư viện Trường Đại học Đà Lạt